Food Chains Quiz Stats

 Plays Quiz Updated Nov 9, 2013

Support Sporcle.
Go Orange.
Score 0/25 Timer 03:00
0 Plays Today
% Correct
Pizza Hut
95%
McDonald's
95%
Burger King
94.9%
Subway
94.6%
Starbucks
94.6%
Wendy's
94.4%
Dunkin' Donuts
94.2%
Domino's
93.7%
Papa John's
93.6%
T.G.I. Friday's
93.4%
Dairy Queen
92.7%
Olive Garden
92.6%
Arby's
91.4%
% Correct
Denny's
91.3%
Chick-fil-A
90.7%
Baskin-Robbins
90.7%
Popeyes
90.6%
In-N-Out Burger
90%
White Castle
90%
Chipotle
89%
Red Robin
86.4%
Sonic
85.7%
Steak 'n Shake
84.6%
Jimmy John's
81%
Maggiano's
59.6%

From the Vault

'Q' 'X' 'Y' & 'Z' TV Shows by Cast Photo

by lolshortee

These are uncommon letters, so that probably narrows the pool a little.
Remove Ads.
Support Sporcle.
Get the best of Sporcle when you Go Orange. This ad-free experience offers more features, more stats, and more fun while also helping to support Sporcle. Thank you for becoming a member.

Show Comments

Extras

Top Quizzes Today


Score Distribution

Your Account Isn't Verified!

In order to create a playlist on Sporcle, you need to verify the email address you used during registration. Go to your Sporcle Settings to finish the process.

Report this User

Report this user for behavior that violates our Community Guidelines.

Details: